Epidemiology / (Record no. 120381)

MARC details
000 -LEADER
fixed length control field 00791nam a2200277 a 4500
008 - FIXED-LENGTH DATA ELEMENTS--GENERAL INFORMATION
fixed length control field
020 ## - INTERNATIONAL STANDARD BOOK NUMBER
International Standard Book Number 9781455737338 (paperback)
040 ## - CATALOGING SOURCE
Original cataloging agency NUST
Transcribing agency NUST
049 ## - LOCAL HOLDINGS (OCLC)
Holding library MAIN
090 ## - LOCALLY ASSIGNED LC-TYPE CALL NUMBER (OCLC); LOCAL CALL NUMBER (RLIN)
Classification number (OCLC) (R) ; Classification number, CALL (RLIN) (NR) RA651
Local cutter number (OCLC) ; Book number/undivided call number, CALL (RLIN) GOR
003 - CONTROL NUMBER IDENTIFIER
control field
005 - DATE AND TIME OF LATEST TRANSACTION
control field 20230120204259.0
100 1# - MAIN ENTRY--PERSONAL NAME
Personal name Gordis, Leon
245 10 - TITLE STATEMENT
Title Epidemiology /
Statement of responsibility, etc. Gordis Leon
260 ## - PUBLICATION, DISTRIBUTION, ETC.
Place of publication, distribution, etc. Canada :
Name of publisher, distributor, etc. Elsevier,
Date of publication, distribution, etc. 2014
300 ## - PHYSICAL DESCRIPTION
Extent Fifth Edition.
300 ## - PHYSICAL DESCRIPTION
Extent xv,392 pages :
Other physical details colour illustrations ;
Dimensions 27cm
336 ## - CONTENT TYPE
Content type term text
Content type code txt
Source rdacontent
337 ## - MEDIA TYPE
Media type term unmediated
Media type code n
Source rdamedia
338 ## - CARRIER TYPE
Carrier type term volume
Carrier type code nc
Source rdacarrier
500 ## - GENERAL NOTE
General note Includes index.
650 ## - SUBJECT ADDED ENTRY--TOPICAL TERM
Topical term or geographic name entry element Disease Transmission
650 #1 - SUBJECT ADDED ENTRY--TOPICAL TERM
Topical term or geographic name entry element Epidemiologic Methods
907 ## - LOCAL DATA ELEMENT G, LDG (RLIN)
a .b10402032
b 24-05-21
c 10-05-21
942 ## - ADDED ENTRY ELEMENTS (KOHA)
Koha item type Ordinary Loan Books
Call number prefix RA651
Call number suffix GOR
Holdings
Date last seen Total Checkouts Full call number Barcode Cost, replacement price Price effective from Koha item type Lost status Source of classification or shelving scheme Damaged status Not for loan Collection Withdrawn status Home library Current library Shelving location Date acquired Cost, normal purchase price
01/20/2023   RA651 GOR 92004047758 80.00 01/20/2023 BOOKS   LCC     NFIC   MEDICAL MEDICAL GEN 01/20/2023 80.00